Elements With Low Vaporization Points - Statistics

General Stats
  • This quiz has been taken 8 times
  • The average score is 13 of 15
Answer Stats
HoE. Energy Element % Correct
0.083 kJ/mol Helium
100%
0.452 kJ/mol Hydrogen
100%
1.75 kJ/mol Neon
100%
2.79 kJ/mol Nitrogen
100%
3.41 kJ/mol Oxygen
100%
9.8 kJ/mol Sulfur
100%
6.5 kJ/mol Argon
83%
10.2 kJ/mol Chlorine
83%
3.27 kJ/mol Fluorine
83%
20.9kJ/mol Iodine
83%
9.02 kJ/mol Krypton
83%
17 kJ/mol Radon
83%
12.64 kJ/mol Xenon
83%
14.8 kJ/mol Bromine
67%
12.4 kJ/mol Phosphorus
67%
No matching quizzes found
Score Distribution
Percent of People with Each Score
Percentile by Number Answered
Your Score History
You have not taken this quiz